| 000 | 00342nam a22001337a 4500 | ||
|---|---|---|---|
| 020 | _a817623012X | ||
| 082 |
_a808.831 _bSHI _cN-01, P-46 |
||
| 245 | _aChildren;s tresury of moral stories | ||
| 260 |
_aIndia _bShilpa |
||
| 300 |
_a16 p. _bill. _c26 cm |
||
| 526 |
_a0 _b0 _c0 _d808_831000000000000_SHI |
||
| 650 |
_aNUST _96342 |
||
| 942 |
_2ddc _cBK |
||
| 999 |
_c550208 _d550208 |
||